000
00260nam a2200097Ia 4500
008
220204s9999 xx 000 0 und d
082
_a
677.21:382.6(540)
_b
IND
245
0
_a
India's export of cotton textiles
260
_a
Bombay
_b
Cotton textiles EPC
942
_c
BK
999
_c
22346
_d
22346